| 000 | 00000nam 2200000za 4500 |
| 001 | 9.640162 |
| 003 | CaOODSP |
| 005 | 20230516152836 |
| 007 | cr ||||||||||| |
| 008 | 150407|2012||||xxc|||||o f|0| 0 fre d |
| 020 | |a978-1-100-99074-3 |
| 040 | |aCaOODSP|bfre |
| 043 | |an-cn--- |
| 086 | 1 |aEn4-144/8-2012F-PDF |
| 110 | 1 |aCanada. |bEnvironnement Canada. |
| 245 | 10|aSources des données et méthodes : |h[ressource électronique]|bl'indicateur de traitement des eaux usées municipales |
| 260 | |aOttawa - Ontario : |bEnvironnement Canada |cAvril 2012. |
| 300 | |a7p. |
| 590 | |a12-17|b2012-04-27 |
| 691 | 07|aIndicateurs environnementaux|2gcpds |
| 691 | 07|aEaux usées|2gcpds |
| 775 | 08|tData sources and methods : |w(CaOODSP)9.696045 |
| 794 | |tIndicateurs canadiens de durabilité de l'environnement : |w(CaOODSP)9.894546 |
| 795 | |tIndicateur sur le traitement des eaux usées municipales : |w(CaOODSP)9.638479 |
| 856 | 40|ahttp://publications.gc.ca|qPDF|s309 Ko|uhttps://publications.gc.ca/collections/collection_2012/ec/En4-144-8-2012-fra.pdf |